Départements en S - Statistiques

Statistiques générales
  • Ce quiz a été pris 75 fois
  • Le résultat moyen est 9 sur 11
Statistiques - réponses
Région Département % Correct
Normandie Seine-Maritime
93%
Île-de-France Seine-Saint-Denis
91%
Auvergne-Rhône-Alpes Savoie
90%
Île-de-France Seine-et-Marne
90%
Bourgogne-Franche-Comté Saône-et-Loire
84%
Auvergne-Rhône-Alpes Haute-Savoie
82%
Pays-de-la-Loire Sarthe
82%
Hauts-de-France Somme
82%
Bourgogne-Franche-Comté Haute-Saône
73%
Île-de-France Hauts-de-Seine
69%
Nouvelle-Aquitaine Deux-Sèvres
51%
Aucun quiz correspondant
Distribution des résultats
% des personnes avec chaque résultat
Percentile par nombre de réponses
Votre historique - résultats
Vous n’avez pas pris ce quiz